000 00655nam a2200205Ia 4500
003 GCL
008 140319s9999 xx 000 0 ara d
020 _a8608291977
040 _aGCL /
_cGCL
082 0 4 _a792.015
_bس ض
100 1 _aسامية حبيب
245 1 0 _aالضاحك الباكى :
_bدراسات فى المسرح /
_cسامية حبيب
250 _aالاولى
260 _aالقاهرة :
_bمركز الحضارة العربية ،
_c2005
300 _a216 ص ؛
_c20 سم
650 0 4 _aالمسرح - نقد
650 0 4 _aالمسرح - مصر
650 0 4 _aالمسرح - مقالات ومحاضرات
942 _2ddc
_cBK
999 _c8899
_d8899